Statistics for Highest Goalscorers in the Champions League for Juventus

Click here to take the quiz!

General Stats

  • This quiz has been taken 98 times
  • The average score is 11 of 23

Answer Stats

#GoalsGamesGPGYearsAnswer% Correct
142890.4721993-2012Alessandro Del Piero
99%
812300.42016-2020Gonzalo Higuaín
89%
318530.342015-2022Paulo Dybala
82%
714230.6092018-2021Cristiano Ronaldo
80%
225490.512000-2010David Trézéguet
71%
615350.4292014-'16, 2020-'22Álvaro Morata
67%
157190.3682013-2015Carlos Tevez
67%
1110300.3332015-2019Mario Mandžukić
63%
517280.6071982-1987Michel Platini
60%
417260.6541997-2001Filippo Inzaghi
58%
911530.2082001-2009Pavel Nedved
57%
226130.4622020-Federico Chiesa
48%
139270.3332011-2015Arturo Vidal
43%
1010180.5561981-1985Paolo Rossi
39%
216110.5452010-2014Fabio Quagliarella
32%
236290.2071997-2007Marcelo Zalayeta
19%
167310.2261969-1983Roberto Bettega
19%
129220.4091996-2002Nicola Amoruso
18%
147180.3892002-2004Marco Di Vaio
15%
18680.751957-1965Omar Sívori
14%
176611985-1987Aldo Serena
12%
19690.6671985-1989Michael Laudrup
11%
19690.6671977-'80, 1981-'82Pietro Paolo Virdis
4%

Score Distribution

Percentile by Number Answered

Percent of People with Each Score

Your Score History

You have not taken this quiz